<?xml version="1.0" encoding="UTF-8"?>
<record
    xmlns:xsi="http://www.w3.org/2001/XMLSchema-instance"
    xsi:schemaLocation="http://www.loc.gov/MARC21/slim http://www.loc.gov/standards/marcxml/schema/MARC21slim.xsd"
    xmlns="http://www.loc.gov/MARC21/slim">

  <leader>01097njm a22002777a 4500</leader>
  <controlfield tag="005">20100904155220.0</controlfield>
  <controlfield tag="007">sd ammalaaahaa</controlfield>
  <controlfield tag="008">100830t        xxu||||| |||| 00| 0 eng d</controlfield>
  <datafield tag="028" ind1=" " ind2=" ">
    <subfield code="a">H.5118</subfield>
    <subfield code="b">Star Hindustan Records</subfield>
  </datafield>
  <datafield tag="035" ind1=" " ind2=" ">
    <subfield code="a">GR-610</subfield>
  </datafield>
  <datafield tag="040" ind1=" " ind2=" ">
    <subfield code="a">SED</subfield>
    <subfield code="c">SED</subfield>
  </datafield>
  <datafield tag="100" ind1=" " ind2=" ">
    <subfield code="a">Kevala Rani</subfield>
    <subfield code="9">18234</subfield>
  </datafield>
  <datafield tag="245" ind1=" " ind2=" ">
    <subfield code="a">Saiyaan toori godi mein - dadara/</subfield>
    <subfield code="c">by Kevala Rani</subfield>
    <subfield code="h">[sound recording]:</subfield>
  </datafield>
  <datafield tag="246" ind1=" " ind2=" ">
    <subfield code="a">&#x938;&#x948;&#x92F;&#x93E;&#x902; &#x924;&#x942;&#x930;&#x940; &#x917;&#x94B;&#x926;&#x940;  &#x92E;&#x947;&#x902; -&#x926;&#x93E;&#x926;&#x930;&#x93E;  / &#x926;&#x94D;&#x935;&#x93E;&#x930;&#x93E;  &#x915;&#x947;&#x935;&#x932;&#x93E; &#x930;&#x93E;&#x928;&#x940; </subfield>
  </datafield>
  <datafield tag="260" ind1=" " ind2=" ">
    <subfield code="a">Dum Dum, India:</subfield>
    <subfield code="b">Columbia</subfield>
  </datafield>
  <datafield tag="300" ind1=" " ind2=" ">
    <subfield code="a">1 sound disc [GramphoneRecording]:</subfield>
    <subfield code="b">analog,33.1/3 rpm </subfield>
    <subfield code="c">9.5 in.(MP)</subfield>
    <subfield code="f">Gramphones Records</subfield>
  </datafield>
  <datafield tag="500" ind1=" " ind2=" ">
    <subfield code="a">Brief Record</subfield>
  </datafield>
  <datafield tag="505" ind1=" " ind2=" ">
    <subfield code="a">Side 2 &#x91B;&#x94B;&#x91F;&#x940; &#x92C;&#x921;&#x93C;&#x940; &#x938;&#x941;&#x907;&#x92F;&#x93E;&#x902; &#x930;&#x947;  (Choti badi suiyaan re) (Kevala Rani)</subfield>
  </datafield>
  <datafield tag="650" ind1=" " ind2=" ">
    <subfield code="x">Experts</subfield>
    <subfield code="z">India</subfield>
    <subfield code="9">17446</subfield>
    <subfield code="a">Classical music</subfield>
  </datafield>
  <datafield tag="700" ind1=" " ind2=" ">
    <subfield code="9">17596</subfield>
  </datafield>
  <datafield tag="700" ind1=" " ind2=" ">
    <subfield code="a">Hemant Kumar </subfield>
    <subfield code="9">18398</subfield>
  </datafield>
  <datafield tag="700" ind1=" " ind2=" ">
    <subfield code="a">Gulshan</subfield>
    <subfield code="9">18399</subfield>
  </datafield>
  <datafield tag="700" ind1=" " ind2=" ">
    <subfield code="a">Gulshan</subfield>
    <subfield code="9">18380</subfield>
  </datafield>
  <datafield tag="942" ind1=" " ind2=" ">
    <subfield code="2">ddc</subfield>
    <subfield code="c">GR</subfield>
  </datafield>
  <datafield tag="999" ind1=" " ind2=" ">
    <subfield code="c">43850</subfield>
    <subfield code="d">43850</subfield>
  </datafield>
  <datafield tag="952" ind1=" " ind2=" ">
    <subfield code="0">0</subfield>
    <subfield code="1">0</subfield>
    <subfield code="2">ddc</subfield>
    <subfield code="4">0</subfield>
    <subfield code="7">1</subfield>
    <subfield code="8">NFIC</subfield>
    <subfield code="a">L</subfield>
    <subfield code="b">AG</subfield>
    <subfield code="d">2010-09-04</subfield>
    <subfield code="e">SED/VEN</subfield>
    <subfield code="l">0</subfield>
    <subfield code="p">GR-612</subfield>
    <subfield code="r">2010-09-04 00:00:00</subfield>
    <subfield code="t">1</subfield>
    <subfield code="w">2010-09-04</subfield>
    <subfield code="y">GR</subfield>
  </datafield>
</record>
